Focus M25 South-west (Record no. 81961)
[ view plain ]
| 000 -LEADER | |
|---|---|
| fixed length control field | 01095cab a22002055a 4500 |
| 001 - CONTROL NUMBER | |
| control field | L148787 |
| 008 - FIXED-LENGTH DATA ELEMENTS--GENERAL INFORMATION | |
| fixed length control field | 091110e20091003xxk g 000 0 eng d |
| 035 ## - SYSTEM CONTROL NUMBER | |
| System control number | (Sirsi) u148787 |
| 041 0# - LANGUAGE CODE | |
| Language code of text/sound track or separate title | eng |
| 100 1# - MAIN ENTRY--PERSONAL NAME | |
| Personal name | Jack, Simon |
| 245 00 - TITLE STATEMENT | |
| Title | Focus M25 South-west |
| 260 ## - PUBLICATION, DISTRIBUTION, ETC. | |
| Date of publication, distribution, etc. | 2009 |
| 490 ## - SERIES STATEMENT | |
| Series statement | Estates Gazette |
| Volume/sequential designation | 3 October 2009, (0939), 95-101(7) |
| 520 ## - SUMMARY, ETC. | |
| Summary, etc. | M25 south-west quadrant office statistics 2009 sourced by Knight Frank highlight rents in £ per sq ft, vacancy rates, development(sq ft) prime yield (%) for Slough. Staines, Heathrow, Richmond, Kingston, Chertsey, Woking and Guildford. Industrial market along the M25 south west sector is showing signs of recovery around Heathrow. Compares retail rents between Slough, Richmond, Staines, Kingstone-upon-Thames, Woking and Guildford. Concludes with an overview of retail market in Kingston-upon-Thames focusing on the planned Eden Quarter retail development and Guildford. |
| 590 ## - LOCAL NOTE (RLIN) | |
| Local note | KA |
| 651 #4 - SUBJECT ADDED ENTRY--GEOGRAPHIC NAME | |
| Geographic name | England |
| Chronological subdivision | 886- |
| 690 ## - LOCAL SUBJECT ADDED ENTRY--TOPICAL TERM (OCLC, RLIN) | |
| Topical term or geographic name as entry element | PROPERTY-COMMERCIAL PROPERTY-COMMERCIAL PROPERTY MARKET |
| 700 1# - ADDED ENTRY--PERSONAL NAME | |
| Personal name | Cavanagh, Elaine |
| 942 ## - ADDED ENTRY ELEMENTS (KOHA) | |
| Suppress in OPAC | 0 |
| Withdrawn status | Lost status | Source of classification or shelving scheme | Damaged status | Not for loan | Home library | Current library | Shelving location | Date acquired | Total Checkouts | Full call number | Barcode | Date last seen | Copy number | Price effective from | Koha item type |
|---|---|---|---|---|---|---|---|---|---|---|---|---|---|---|---|
| Dewey Decimal Classification | London | London | Journal article | 10/11/2009 | L148787 | 148787-1001 | 06/08/2019 | 1 | 06/08/2019 | Journal article |